000 00594nam a22002417a 4500
003 UA-OsUOA
001 35440
007 ta
008 20051128b un ||||| |||| 00| 0 ukr d
100 _aПетровский А. В.
090 _a159.9
_bП60
942 _cBK
040 _aUA-OsUOA
_brus
_cUA-OsUOA
_dUA-OsUOA
245 _aВведение в психологию
300 _a496 с.
955 _a2
041 _arus
080 _a159.9
020 _a5-7695-0001-8
260 _aМ.
_b"Академия"
_c1995
650 7 _a159.9 Психологія
_2UDC
999 _c321807
_d321807